Une lettre suffit pour répondre juste #44 (attention 10 lettres tuent) - Statistiques

Statistiques générales
  • Ce quiz a été pris 57 fois
  • Le résultat moyen est 3 sur 6
Statistiques - réponses
Hint Réponse % Correct
Donne une des 5 lettres qui désigne le Jeu qui se joue avec deux dés et où le point à amener est déterminé par le serveur. Dans cet extrait de Friends, Monica et Chandler y jouent leur mariage.
CRAPS
100%
Donne une des 3 lettres du nom de la monnaie officielle du Japon YEN
59%
Donne une des 4 lettres du nom donné en patinage artistique au saut proche du flip, à la différence qu'il s'élance depuis une carre extérieure (nommé en hommage au patineur autrichien Alois ???? (1898-1918)
LUTZ
57%
Donne une des 2 lettres qui complète le nom du groupe en extrait connu pour sa chanson "Viens boire un p'tit coup à la maison" : Licence ??
IV
34%
Donne la lettre qui se trouve en 3e position dans le nom de l'Etat des USA qui a ce drapeau
X (teXas)
16%
Donne la lettre qui est : - le nom du troisième album studio de Jean-Louis Aubert paru en solo le 27 octobre 1992 - le titre d'un morceau du groupe américain Tool, paru sur l'album Ænima - le symbole de la constante de Planck (6,62607015×10-34J.s) H
0%
Aucun quiz correspondant
Distribution des résultats
% des personnes avec chaque résultat
Percentile par nombre de réponses
Votre historique - résultats
Vous n’avez pas pris ce quiz